000 00354nam a2200145Ia 4500
008 230711s9999||||xx |||||||||||||| ||und||
041 _aENG
082 _a720
_bKA-C
100 _aKahn,Louis I
245 4 _aThe Construction of the kimbell Art museum
250 _a1st
260 _c1999
_aNew York
_bSkira Millian
650 _aArchitecture
942 _cBK
999 _c4336
_d4336